00336cam a22001217a 4500008004000000082001800040100001400058245005400072260002600126300001000152650002300162650002900185180718b1982 xxu||||| |||| 00| 0 eng d aA99 Si64/So58 aSoni, Sat aFrom mud house to Rashtrapati Bhawancby Sat Soni aDelhibI.S.S.D.c1982 a140p. aPresidents - India aSingh, Gaini Zail,1916--